| 000 | 00711nam a2200217Ii 4500 | ||
|---|---|---|---|
| 001 | 22559 | ||
| 003 | CO-ViMGA | ||
| 008 | 241108s9999||||xx |||||||||||||| ||und|| | ||
| 020 | _a9789587532944 | ||
| 040 |
_aCO-ViMGA _bspa _erda _cCO-ViMGA |
||
| 041 | 0 | _aunk | |
| 082 | 0 | 4 | _a353.7 C64p |
| 110 | 1 |
_aColombia. Ministerio de Cultura _91875 |
|
| 245 | 1 | 0 | _aPolítica de fortalecimiento de los oficios del sector de la cultura en Colombia |
| 264 | 1 | _a[Lugar de publicación no identificado] : Ministerio de Cultura, 2018 | |
| 300 | _avolumen | ||
| 336 |
_atext _btxt _2rdacontent |
||
| 337 |
_aunmediated _bn _2rdamedia |
||
| 338 |
_avolume _bnc _2rdacarrier |
||
| 940 | _aidficha_siabuc: 20694. -- ficha_no_siabuc:22559 | ||
| 999 |
_c55731 _d55731 |
||